Bon Jovi - Runaway Lyrics Quiz - Statistics

General Stats
  • This quiz has been taken 16 times
  • The average score is 13 of 17
Answer Stats
Lyrics % Correct
Daddy's {girl} learned fast
100%
On the streets where you live girls {talk} {about} their social lives
100%
Ooh-ooh, she's a little {runaway}
100%
Ooh, she's a little {runaway}
100%
(All your life) All your life all you've asked when's your {daddy} {gonna} talk to you?
93%
But you were livin' in {another} {world} tryna get a message through
93%
No one heard a {single} {word} you said
93%
What was goin' {around} your head?
93%
They're made of lipstick, {plastic} {and} {paint}, a touch of sable in their eyes
73%
You know she likes the lights at night on the neon {Broadway} sign?
73%
She don't {really} {mind}, it's only love she hoped to find
67%
They {should} {have} seen it in your eyes
67%
A different line {every} {night}, guaranteed to blow your mind
60%
All those {things} {he} couldn't say
60%
So you sit {home} {alone} 'cause there's nothin' left that you can do
53%
There's only pictures hung in the {shadows} left there to look at you
47%
I see you out on the streets, {call} {me} for a wild time
27%
No matching quizzes found
Score Distribution
Percent of People with Each Score
Percentile by Number Answered
Your Score History
You have not taken this quiz